[Event "31. Open de San Sebastian"]
[Site "San Sebastián ESP"]
[Date "2008.03.19"]
[Round "4.19"]
[White "Arranz Martin, Pablo"]
[Black "Garro Beraza, Haritz"]
[Result "1-0"]
[WhiteElo "2047"]
[BlackElo "1944"]
[PlyCount "87"]
[EventDate "2008.03.16"]
[EventType "swiss"]
[EventRounds "9"]
[EventCountry "ESP"]
[Source "lmi"]
[SourceDate "2008.03.16"]

1. d4 Nf6 2. e3 g6 3. Bd3 Bg7 4. f4 O-O 5. Nf3 d6 6. O-O Nbd7 7. e4 e5 8. fxe5
dxe5 9. d5 Qe7 10. b3 Re8 11. Ba3 Qd8 12. c4 c6 13. Nc3 Bh6 14. Kh1 Qa5 15. Bb2
cxd5 16. cxd5 a6 17. Qe1 Nc5 18. Bc2 Bg7 19. a3 Qc7 20. b4 Ncd7 21. Bb3 Qd6 22.
Rc1 Nh5 23. Qe3 Ndf6 24. Ba4 Rd8 25. Ne2 Ng4 26. Qc5 f5 27. exf5 Bxf5 28. Qxd6
Rxd6 29. Rc7 b5 30. Bb3 Bd3 31. Re1 Rf8 32. h3 e4 33. Bxg7 Nxg7 34. Ng5 Nf2+
35. Kg1 Bc4 36. Bxc4 bxc4 37. Nc3 Ne8 38. Rc6 Rxc6 39. dxc6 Rf6 40. Nd5 Nxh3+
41. gxh3 Rd6 42. Rxe4 Kf8 43. Nxh7+ Kf7 44. Re7+ 1-0

[Event "31. Open de San Sebastian"]
[Site "San Sebastián ESP"]
[Date "2008.03.19"]
[Round "4.20"]
[White "Kuende Gorostidi, Jon"]
[Black "Hargues, Franck"]
[Result "0-1"]
[WhiteElo "1828"]
[BlackElo "2046"]
[PlyCount "82"]
[EventDate "2008.03.16"]
[EventType "swiss"]
[EventRounds "9"]
[EventCountry "ESP"]
[Source "lmi"]
[SourceDate "2008.03.16"]

1. e4 d5 2. exd5 Nf6 3. Bb5+ Bd7 4. Bxd7+ Qxd7 5. c4 c6 6. dxc6 Nxc6 7. d3 Nb4
8. d4 Qxd4 9. Qa4+ Nc6 10. Nf3 Qd3 11. Nc3 Ne4 12. Nd5 e6 13. Ne5 Qd4 14. Nc7+
Kd8 15. Nxe6+ fxe6 16. Nxc6+ bxc6 17. Be3 Qxb2 18. O-O Rc8 19. Rab1 Qa3 20.
Qd1+ Ke8 21. Rb7 Qd6 22. Qf3 Nf6 23. Rd1 Qe5 24. Bxa7 Be7 25. Bd4 Qa5 26. Qb3
Kf7 27. Ra7 Qh5 28. Rxe7+ Kxe7 29. Qb7+ Nd7 30. Bc5+ Kf6 31. Rxd7 Qxc5 32. Rf7+
Kg6 33. Rxg7+ Kh6 34. g4 Rcf8 35. g5+ Kh5 36. Rxh7+ Rxh7 37. Qxh7+ Kxg5 38. h4+
Kf4 39. Qh6+ Ke5 40. Qg7+ Ke4 41. Qg4+ Kd3 0-1

[Event "31. Open de San Sebastian"]
[Site "San Sebastián ESP"]
[Date "2008.03.20"]
[Round "5.1"]
[White "Lopez Martinez, Josep Manuel"]
[Black "Salgado Lopez, Ivan"]
[Result "1/2-1/2"]
[WhiteElo "2550"]
[BlackElo "2459"]
[PlyCount "48"]
[EventDate "2008.03.16"]
[EventType "swiss"]
[EventRounds "9"]
[EventCountry "ESP"]
[Source "lmi"]
[SourceDate "2008.03.16"]

1. e4 e5 2. Nf3 Nf6 3. d4 Nxe4 4. Bd3 d5 5. dxe5 Be7 6. O-O O-O 7. Nc3 Nxc3 8.
bxc3 Bg4 9. h3 Bh5 10. Rb1 b6 11. Qe2 Nc6 12. Bf4 f6 13. g4 fxe5 14. Nxe5 Nxe5
15. Qxe5 Bf7 16. Qxc7 Bf6 17. Qxd8 Raxd8 18. Bd2 Rc8 19. Rfe1 Bxc3 20. Bxc3
Rxc3 21. Rb3 Rc7 22. Re5 Bg6 23. Re2 Rfc8 24. Rd2 Bxd3 1/2-1/2

[Event "31. Open de San Sebastian"]
[Site "San Sebastián ESP"]
[Date "2008.03.20"]
[Round "5.2"]
[White "Mateo, Ramon"]
[Black "Spraggett, Kevin"]
[Result "1/2-1/2"]
[WhiteElo "2484"]
[BlackElo "2588"]
[PlyCount "35"]
[EventDate "2008.03.16"]
[EventType "swiss"]
[EventRounds "9"]
[EventCountry "ESP"]
[Source "lmi"]
[SourceDate "2008.03.16"]

1. e4 c5 2. Nf3 d6 3. d4 cxd4 4. Nxd4 Nf6 5. Nc3 e6 6. g4 h6 7. g5 hxg5 8. Bxg5
Nc6 9. h4 a6 10. Qd2 Qb6 11. Nb3 Qc7 12. O-O-O Bd7 13. Kb1 b5 14. f4 b4 15.
Bxf6 gxf6 16. Ne2 a5 17. Nbd4 Nxd4 18. Nxd4 1/2-1/2

[Event "31. Open de San Sebastian"]
[Site "San Sebastián ESP"]
[Date "2008.03.20"]
[Round "5.3"]
[White "Andres Gonzalez, Alberto"]
[Black "San Segundo Carrillo, Pablo"]
[Result "1/2-1/2"]
[WhiteElo "2436"]
[BlackElo "2542"]
[PlyCount "24"]
[EventDate "2008.03.16"]
[EventType "swiss"]
[EventRounds "9"]
[EventCountry "ESP"]
[Source "lmi"]
[SourceDate "2008.03.16"]

1. Nf3 d5 2. d4 Nf6 3. c4 c6 4. cxd5 cxd5 5. Nc3 Nc6 6. Bf4 Bf5 7. Rc1 e6 8. a3
Be7 9. e3 O-O 10. Bd3 Bxd3 11. Qxd3 Rc8 12. O-O a6 1/2-1/2

[Event "31. Open de San Sebastian"]
[Site "San Sebastián ESP"]
[Date "2008.03.20"]
[Round "5.4"]
[White "Argandona Riveiro, Inigo"]
[Black "Narciso Dublan, Marc"]
[Result "1/2-1/2"]
[WhiteElo "2404"]
[BlackElo "2513"]
[PlyCount "49"]
[EventDate "2008.03.16"]
[EventType "swiss"]
[EventRounds "9"]
[EventCountry "ESP"]
[Source "lmi"]
[SourceDate "2008.03.16"]

1. e4 c5 2. Nf3 Nc6 3. Nc3 e6 4. Bb5 Nd4 5. Bc4 Nf6 6. O-O Qc7 7. h3 a6 8. Re1
b5 9. Bf1 Nxf3+ 10. Qxf3 Bb7 11. d3 Bd6 12. Qe3 Be5 13. Ne2 d5 14. f4 Bd4 15.
Nxd4 cxd4 16. Qxd4 dxe4 17. dxe4 Rd8 18. Qb4 Qxc2 19. b3 Nxe4 20. Ba3 Qf2+ 21.
Kh2 Qxf4+ 22. Kg1 Qf2+ 23. Kh2 Qg3+ 24. Kg1 Qf2+ 25. Kh2 1/2-1/2

[Event "31. Open de San Sebastian"]
[Site "San Sebastián ESP"]
[Date "2008.03.20"]
[Round "5.5"]
[White "Lafuente, Pablo"]
[Black "Del Rio De Angelis, Salvador G"]
[Result "1/2-1/2"]
[WhiteElo "2489"]
[BlackElo "2487"]
[PlyCount "45"]
[EventDate "2008.03.16"]
[EventType "swiss"]
[EventRounds "9"]
[EventCountry "ESP"]
[Source "lmi"]
[SourceDate "2008.03.16"]

1. d4 Nf6 2. c4 e6 3. g3 d5 4. Nf3 Be7 5. Bg2 O-O 6. O-O b6 7. Nc3 Bb7 8. Ne5
Na6 9. e3 c5 10. Qe2 Qc8 11. cxd5 exd5 12. Bd2 Nc7 13. Rfd1 Ne6 14. Rac1 Qb8
15. Be1 Rd8 16. f4 a6 17. a4 Qa7 18. Bf2 Rac8 19. Bh3 Ba8 20. Bf1 Bb7 21. Bh3
Ba8 22. Bf1 Bb7 23. Bh3 1/2-1/2

[Event "31. Open de San Sebastian"]
[Site "San Sebastián ESP"]
[Date "2008.03.20"]
[Round "5.6"]
[White "Cifuentes Parada, Roberto"]
[Black "Krulich, Roman"]
[Result "1-0"]
[WhiteElo "2520"]
[BlackElo "2240"]
[PlyCount "149"]
[EventDate "2008.03.16"]
[EventType "swiss"]
[EventRounds "9"]
[EventCountry "ESP"]
[Source "lmi"]
[SourceDate "2008.03.16"]

1. Nf3 Nf6 2. c4 g6 3. Nc3 d5 4. Qa4+ Bd7 5. Qb3 Bc6 6. cxd5 Bxd5 7. Nxd5 Qxd5
8. Qxd5 Nxd5 9. d4 Nd7 10. e3 e6 11. a3 c5 12. dxc5 Bxc5 13. Bd2 f6 14. e4 Nc7
15. Rc1 Rc8 16. Bc4 Ke7 17. Ke2 Nb6 18. e5 fxe5 19. Bg5+ Kf7 20. Nxe5+ Kg7 21.
Rhd1 Ncd5 22. Bb3 Rhf8 23. Ng4 Rf5 24. Bh6+ Kg8 25. g3 a5 26. Rc2 a4 27. Ba2
Rf7 28. Rdc1 Rfc7 29. Nf6+ Kh8 30. Ne4 Be7 31. Rxc7 Rxc7 32. Rxc7 Nxc7 33. Be3
Nbd5 34. Bc5 Bf6 35. Nxf6 Nxf6 36. Bd4 Kg7 37. Be5 Ncd5 38. Bc4 Kf7 39. f3 Nd7
40. Bd6 N7b6 41. Bb5 Kf6 42. Kd3 e5 43. Ke4 Ke6 44. Bxe5 Ne3 45. Bd4 Nec4 46.
Bc5 Nd6+ 47. Bxd6 Kxd6 48. Kd4 g5 49. Be8 h6 50. Bb5 h5 51. h4 gxh4 52. gxh4
Nd5 53. Bxa4 Nf4 54. Ke4 Ng6 55. Be8 Nxh4 56. Bxh5 Ng2 57. f4 Ke6 58. Bd1 Kf6
59. Bc2 Nh4 60. a4 Nf5 61. b4 Ne7 62. Kd4 Ke6 63. Kc5 Kd7 64. Be4 Kc7 65. a5
Nc8 66. f5 b6+ 67. axb6+ Nxb6 68. Bc6 Nc8 69. f6 Nd6 70. Bd5 Kd7 71. f7 Nxf7
72. Bxf7 Kc7 73. Bd5 Kc8 74. Kb6 Kb8 75. b5 1-0

[Event "31. Open de San Sebastian"]
[Site "San Sebastián ESP"]
[Date "2008.03.20"]
[Round "5.7"]
[White "Simutowe, Amon"]
[Black "Ladron De Guevara Galar, Fco J"]
[Result "1-0"]
[WhiteElo "2457"]
[BlackElo "2084"]
[PlyCount "61"]
[EventDate "2008.03.16"]
[EventType "swiss"]
[EventRounds "9"]
[EventCountry "ESP"]
[Source "lmi"]
[SourceDate "2008.03.16"]

1. d4 d5 2. c4 e6 3. Nc3 Nf6 4. Nf3 Bb4 5. Bg5 O-O 6. e3 c5 7. cxd5 exd5 8. Bd3
c4 9. Bc2 Nbd7 10. O-O Bxc3 11. bxc3 Qa5 12. Qc1 Ne4 13. Be7 Re8 14. Bb4 Qc7
15. Bb1 a5 16. Ba3 Ra6 17. Nd2 Rh6 18. f4 Ndf6 19. Nf3 b5 20. Ne5 Bd7 21. Qe1
Rb8 22. Bc2 Nxc3 23. Qxc3 b4 24. Qb2 bxa3 25. Qxa3 Be8 26. Rab1 a4 27. Rxb8
Qxb8 28. Qe7 Qb2 29. Bxa4 Qb8 30. Bxe8 Qxe8 31. Qc7 1-0

[Event "31. Open de San Sebastian"]
[Site "San Sebastián ESP"]
[Date "2008.03.20"]
[Round "5.8"]
[White "Garcia Blanco, Omar"]
[Black "Alsina Leal, Daniel"]
[Result "0-1"]
[WhiteElo "2139"]
[BlackElo "2455"]
[PlyCount "72"]
[EventDate "2008.03.16"]
[EventType "swiss"]
[EventRounds "9"]
[EventCountry "ESP"]
[Source "lmi"]
[SourceDate "2008.03.16"]

1. e4 c5 2. c3 d5 3. exd5 Qxd5 4. d4 g6 5. Nf3 Bg7 6. Be2 Nf6 7. c4 Qd8 8. O-O
O-O 9. d5 e6 10. dxe6 Bxe6 11. Qb3 Qc7 12. Nc3 Rd8 13. Bg5 Nc6 14. Rfe1 Na5 15.
Qc2 Rd7 16. Nb5 Qb6 17. Rad1 Nc6 18. Rxd7 Nxd7 19. a3 Nde5 20. Nxe5 Nxe5 21.
Nc3 Nxc4 22. Na4 Qa5 23. Rc1 Ne5 24. Bd2 Qd8 25. Nxc5 Bf5 26. Qd1 b6 27. Na4
Nd3 28. Bxd3 Qxd3 29. g4 Be6 30. Nc3 Bxg4 31. Qxg4 Qxd2 32. Rd1 Qxb2 33. Qf3
Rf8 34. Nd5 Qe5 35. Nf4 a5 36. Rd5 Qe1+ 0-1

[Event "31. Open de San Sebastian"]
[Site "San Sebastián ESP"]
[Date "2008.03.20"]
[Round "5.9"]
[White "Huerga Leache, Mikel"]
[Black "Arranz Martin, Pablo"]
[Result "1-0"]
[WhiteElo "2440"]
[BlackElo "2047"]
[PlyCount "83"]
[EventDate "2008.03.16"]
[EventType "swiss"]
[EventRounds "9"]
[EventCountry "ESP"]
[Source "lmi"]
[SourceDate "2008.03.16"]

1. e4 e6 2. d4 d5 3. Nc3 dxe4 4. Nxe4 Bd7 5. Bd3 Bc6 6. Nf3 Nd7 7. Qe2 Ngf6 8.
Neg5 Bxf3 9. Nxf3 Be7 10. O-O O-O 11. Rd1 Re8 12. Bg5 Nf8 13. c4 c6 14. Ne5
N6d7 15. Bf4 Nxe5 16. Bxe5 Bd6 17. Rd2 Qc7 18. Rad1 Ng6 19. Bxg6 hxg6 20. c5
Bxe5 21. dxe5 Qa5 22. Qc4 Re7 23. Rd3 g5 24. h4 Qc7 25. Qe4 g4 26. h5 Rf8 27.
Rd6 Qa5 28. b4 Qxa2 29. Qxg4 Qc2 30. Qh4 Ree8 31. Rd7 Qf5 32. h6 g6 33. R1d3
Qxe5 34. Rxb7 a5 35. bxa5 Qxc5 36. h7+ Kg7 37. Rf3 Qc1+ 38. Kh2 Kh8 39. Qf6+
Kxh7 40. Rh3+ Qh6 41. Rxh6+ Kxh6 42. Rb4 1-0

[Event "31. Open de San Sebastian"]
[Site "San Sebastián ESP"]
[Date "2008.03.20"]
[Round "5.10"]
[White "Recuero Guerra, David"]
[Black "Quinn, Rory"]
[Result "1-0"]
[WhiteElo "2424"]
[BlackElo "2024"]
[PlyCount "151"]
[EventDate "2008.03.16"]
[EventType "swiss"]
[EventRounds "9"]
[EventCountry "ESP"]
[Source "lmi"]
[SourceDate "2008.03.16"]

1. e4 Nc6 2. Nf3 e5 3. Bb5 a6 4. Ba4 Nf6 5. O-O Be7 6. Re1 b5 7. Bb3 d6 8. c3
O-O 9. h3 Na5 10. Bc2 d5 11. d3 dxe4 12. dxe4 Qxd1 13. Rxd1 Bb7 14. Re1 Rfe8
15. Nbd2 Bf8 16. b4 Nc6 17. a4 Nd7 18. Bd3 Na7 19. axb5 Nxb5 20. c4 Nd4 21.
Nxd4 exd4 22. Ba3 c5 23. bxc5 Nxc5 24. Bxc5 Bxc5 25. Reb1 Bc6 26. Ra5 Bd6 27.
g3 g6 28. f4 f6 29. Kf1 Kg7 30. Ke2 h5 31. h4 Re7 32. Rba1 Bb7 33. c5 Bc7 34.
R5a4 Rd8 35. Rb1 Bc8 36. Bxa6 Bd7 37. Bb5 Bg4+ 38. Kd3 g5 39. Rf1 gxf4 40. gxf4
f5 41. e5 Bxe5 42. Re1 Bf6 43. Rxe7+ Bxe7 44. Ra7 Kf6 45. c6 Bd6 46. Nc4 Bxf4
47. c7 Bxc7 48. Rxc7 Rb8 49. Rc6+ Ke7 50. Rc5 Rd8 51. Ne5 Kf6 52. Nc6 Re8 53.
Nxd4 Re1 54. Rc6+ Ke7 55. Rc7+ Kf6 56. Rc6+ Ke7 57. Bc4 Rh1 58. Re6+ Kf8 59.
Rf6+ Kg7 60. Rf7+ Kg6 61. Nc6 Rxh4 62. Ne5+ Kg5 63. Rf8 Rh2 64. Ke3 Rh3+ 65.
Kf2 Rc3 66. Be6 Rc2+ 67. Kg1 Re2 68. Nxg4 Rxe6 69. Nf2 Kf4 70. Kg2 Rg6+ 71. Kh2
Ra6 72. Nh3+ Kg4 73. Rg8+ Kf3 74. Rg3+ Ke4 75. Nf2+ Kf4 76. Nd3+ 1-0

[Event "31. Open de San Sebastian"]
[Site "San Sebastián ESP"]
[Date "2008.03.20"]
[Round "5.11"]
[White "Hallerod, Ralph"]
[Black "Bellia, Fabrizio"]
[Result "1-0"]
[WhiteElo "2131"]
[BlackElo "2405"]
[PlyCount "111"]
[EventDate "2008.03.16"]
[EventType "swiss"]
[EventRounds "9"]
[EventCountry "ESP"]
[Source "lmi"]
[SourceDate "2008.03.16"]

1. d4 d5 2. c4 e6 3. cxd5 exd5 4. Nc3 Nf6 5. Bg5 Nbd7 6. e3 Bb4 7. Bd3 O-O 8.
Nf3 c5 9. O-O c4 10. Bc2 Qa5 11. Rc1 Re8 12. Nd2 h6 13. Bh4 b5 14. a4 bxa4 15.
Bxa4 Re6 16. Re1 Bxc3 17. bxc3 Nb6 18. Bc2 Ne4 19. Nb1 g5 20. Bg3 Bb7 21. Bc7
Re7 22. Bxb6 Qxb6 23. Bxe4 dxe4 24. Nd2 Qc6 25. Ra1 Ba6 26. f3 f5 27. fxe4 fxe4
28. Rf1 Rf8 29. Rxf8+ Kxf8 30. Qg4 Bc8 31. Qe2 Be6 32. Ra5 Qb6 33. Qf1+ Rf7 34.
Qa1 Qb7 35. Qb1 Qxb1+ 36. Nxb1 Rb7 37. Nd2 Rb2 38. Nxe4 Re2 39. Re5 Kf7 40. Kf1
Ra2 41. d5 Bg4 42. d6 a5 43. h3 Bc8 44. Re7+ Kf8 45. d7 Bxd7 46. Rxd7 a4 47.
Ra7 a3 48. Nd6 Ra1+ 49. Kf2 a2 50. Nxc4 h5 51. e4 h4 52. e5 g4 53. e6 g3+ 54.
Ke2 Rg1 55. e7+ Kf7 56. Nd6+ 1-0

[Event "31. Open de San Sebastian"]
[Site "San Sebastián ESP"]
[Date "2008.03.20"]
[Round "5.12"]
[White "Lakunza Plazaola, Asier"]
[Black "Huesmann, Thomas"]
[Result "0-1"]
[WhiteElo "2018"]
[BlackElo "2247"]
[PlyCount "98"]
[EventDate "2008.03.16"]
[EventType "swiss"]
[EventRounds "9"]
[EventCountry "ESP"]
[Source "lmi"]
[SourceDate "2008.03.16"]

1. e4 e5 2. Nf3 Nc6 3. Bb5 a6 4. Bxc6 dxc6 5. O-O f6 6. d4 Bg4 7. dxe5 Qxd1 8.
Rxd1 fxe5 9. Rd3 Bd6 10. Nbd2 Nh6 11. Nc4 Nf7 12. Ng5 Rd8 13. Nxf7 Kxf7 14. Bg5
Rd7 15. Na5 h6 16. Bh4 Be7 17. Rxd7 Bxd7 18. Bg3 Ke6 19. Nxb7 Rb8 20. Na5 Rxb2
21. Bxe5 Rxc2 22. Bxg7 Bc5 23. Rf1 Rxa2 24. Nb3 Bb6 25. Bxh6 c5 26. Be3 Rc2 27.
Rc1 Rxc1+ 28. Nxc1 c4 29. Bf4 Bc6 30. Kf1 Bxe4 31. f3 Bb1 32. Ke2 Kd5 33. Kd2
Ba5+ 34. Ke3 c3 35. g4 Bb6+ 36. Ke2 a5 37. Kd1 a4 38. h4 a3 39. h5 a2 40. Nxa2
Bxa2 41. Kc2 Kc4 42. g5 Bb3+ 43. Kb1 Bd1 44. g6 Bxf3 45. g7 Be4+ 46. Kc1 Bh7
47. h6 Bc5 48. g8=Q+ Bxg8 49. Bxc7 Be3+ 0-1

[Event "31. Open de San Sebastian"]
[Site "San Sebastián ESP"]
[Date "2008.03.20"]
[Round "5.13"]
[White "Gonzalez de la Torre, Santiago"]
[Black "Landa Manux, Josu"]
[Result "1-0"]
[WhiteElo "2389"]
[BlackElo "1995"]
[PlyCount "66"]
[EventDate "2008.03.16"]
[EventType "swiss"]
[EventRounds "9"]
[EventCountry "ESP"]
[Source "lmi"]
[SourceDate "2008.03.16"]

1. d4 Nf6 2. c4 g6 3. Nc3 Bg7 4. e4 d6 5. Nf3 O-O 6. Be3 c6 7. Be2 e5 8. d5 Ng4
9. Bg5 f6 10. Bh4 c5 11. Nd2 Nh6 12. g4 Na6 13. a3 Nc7 14. b4 b6 15. f3 Nf7 16.
Rg1 Kh8 17. Rb1 cxb4 18. axb4 Qd7 19. Bf2 Bh6 20. h4 f5 21. g5 Bg7 22. Rb3 Rg8
23. Qa1 a5 24. Qb2 fxe4 25. fxe4 axb4 26. Rxb4 Na6 27. Rxb6 Nc5 28. h5 gxh5 29.
g6 Nh6 30. gxh7 Rf8 31. Bxc5 dxc5 32. Nb5 Rf7 33. Nd6 Qh3 1-0

[Event "31. Open de San Sebastian"]
[Site "San Sebastián ESP"]
[Date "2008.03.20"]
[Round "5.15"]
[White "Alvarez Ponga, Hugo"]
[Black "Rubio Mejia, Luis Ignacio"]
[Result "0-1"]
[WhiteElo "2097"]
[BlackElo "2373"]
[PlyCount "112"]
[EventDate "2008.03.16"]
[EventType "swiss"]
[EventRounds "9"]
[EventCountry "ESP"]
[Source "lmi"]
[SourceDate "2008.03.16"]

1. d4 Nf6 2. Bg5 e6 3. e4 h6 4. Bxf6 Qxf6 5. Nf3 d6 6. Nc3 c6 7. e5 Qd8 8. exd6
Bxd6 9. Ne4 Be7 10. c3 Nd7 11. Bd3 Qc7 12. O-O O-O 13. Re1 b6 14. Ng3 Bb7 15.
Ne5 Bd6 16. Nc4 Bxg3 17. hxg3 c5 18. Rc1 Rfd8 19. b4 cxd4 20. cxd4 Nf6 21. Ne5
Qd6 22. Qa4 a6 23. a3 Qd5 24. Bf1 Rac8 25. Rxc8 Rxc8 26. Rd1 Rc3 27. f3 b5 28.
Qa5 Qd6 29. a4 Ra3 30. Bxb5 axb5 31. Qxb5 Qd5 32. Qxd5 Nxd5 33. a5 Ra4 34. Nd3
Bc6 35. Rb1 Bb5 36. Nc5 Rxb4 37. Ra1 Rxd4 38. a6 Bxa6 39. Rxa6 Rd1+ 40. Kh2 Rd2
41. Ne4 Re2 42. Kg1 Ne3 43. Nf2 Kh7 44. Ra7 Kg6 45. Ra6 h5 46. Ra4 e5 47. Rb4
f6 48. Ra4 Re1+ 49. Kh2 Nf1+ 50. Kh3 Re2 51. Nd3 Rd2 52. Ne1 Rd1 53. Re4 Nd2
54. Re2 Nb3 55. Kh2 Nd4 56. Re3 Kf5 0-1

[Event "31. Open de San Sebastian"]
[Site "San Sebastián ESP"]
[Date "2008.03.20"]
[Round "5.16"]
[White "Perez Cameselle, Francisco"]
[Black "Hernandez, Elvis"]
[Result "1/2-1/2"]
[WhiteElo "1993"]
[BlackElo "2322"]
[PlyCount "43"]
[EventDate "2008.03.16"]
[EventType "swiss"]
[EventRounds "9"]
[EventCountry "ESP"]
[Source "lmi"]
[SourceDate "2008.03.16"]

1. e4 e6 2. d3 d5 3. Nd2 c5 4. Ngf3 Nc6 5. g3 Nf6 6. Bg2 Be7 7. O-O b6 8. Re1
Bb7 9. Qe2 h6 10. c3 Qc7 11. Nf1 dxe4 12. dxe4 O-O 13. e5 Nd7 14. h4 Rfd8 15.
Bf4 Nf8 16. h5 a5 17. Rad1 Rxd1 18. Rxd1 Rd8 19. Rxd8 Qxd8 20. N1d2 Qd5 21. a4
Qd8 22. Ne4 1/2-1/2

[Event "31. Open de San Sebastian"]
[Site "San Sebastián ESP"]
[Date "2008.03.20"]
[Round "5.17"]
[White "Martin Alvarez, Inigo"]
[Black "Galarza Cenzano, Inigo"]
[Result "1/2-1/2"]
[WhiteElo "2189"]
[BlackElo "1986"]
[PlyCount "42"]
[EventDate "2008.03.16"]
[EventType "swiss"]
[EventRounds "9"]
[EventCountry "ESP"]
[Source "lmi"]
[SourceDate "2008.03.16"]

1. e4 e5 2. Nf3 Nc6 3. Bb5 a6 4. Bxc6 dxc6 5. O-O f6 6. d4 exd4 7. Nxd4 c5 8.
Ne2 Qxd1 9. Rxd1 Be6 10. Nbc3 Bd6 11. Be3 O-O-O 12. Nf4 Bf7 13. Nfd5 Ne7 14. f3
Rhe8 15. Kf2 Ng6 16. a4 Ne5 17. b3 Nc6 18. Rab1 Nb4 19. Nxb4 cxb4 20. Nd5 f5
21. exf5 Bxd5 1/2-1/2

[Event "31. Open de San Sebastian"]
[Site "San Sebastián ESP"]
[Date "2008.03.20"]
[Round "5.19"]
[White "Puerto Traver, Juan Manuel"]
[Black "Sanchez Ruesga, Hector"]
[Result "1-0"]
[WhiteElo "2105"]
[BlackElo "1804"]
[PlyCount "77"]
[EventDate "2008.03.16"]
[EventType "swiss"]
[EventRounds "9"]
[EventCountry "ESP"]
[Source "lmi"]
[SourceDate "2008.03.16"]

1. d4 g6 2. e4 d6 3. Nc3 Bg7 4. Be3 Nd7 5. Qd2 c6 6. h4 Ngf6 7. f3 b5 8. O-O-O
Rb8 9. Bh6 Bxh6 10. Qxh6 Qa5 11. Kb1 b4 12. Nce2 Qb6 13. g4 Rg8 14. Ng3 Nf8 15.
Qd2 a5 16. g5 N6d7 17. f4 a4 18. Nf3 b3 19. cxb3 axb3 20. a3 Ba6 21. Bh3 Qb7
22. Rc1 c5 23. d5 Nb6 24. Rhd1 Bc4 25. Bf1 Bxf1 26. Nxf1 Nfd7 27. Ne3 Rc8 28.
e5 Kd8 29. h5 Kc7 30. h6 Kb8 31. Qc3 c4 32. exd6 exd6 33. Qb4 Rc5 34. Nd2 Nxd5
35. Nxd5 Rxd5 36. Qxb7+ Kxb7 37. Nxc4 Rxd1 38. Rxd1 Kc7 39. Nxd6 1-0

[Event "31. Open de San Sebastian"]
[Site "San Sebastián ESP"]
[Date "2008.03.20"]
[Round "6.1"]
[White "Salgado Lopez, Ivan"]
[Black "Mateo, Ramon"]
[Result "1-0"]
[WhiteElo "2459"]
[BlackElo "2484"]
[PlyCount "149"]
[EventDate "2008.03.16"]
[EventType "swiss"]
[EventRounds "9"]
[EventCountry "ESP"]
[Source "lmi"]
[SourceDate "2008.03.16"]

1. d4 d5 2. c4 dxc4 3. e3 c5 4. Bxc4 e6 5. Nf3 Nf6 6. O-O a6 7. dxc5 Qxd1 8.
Rxd1 Bxc5 9. Be2 Nc6 10. a3 Ke7 11. b4 Bd6 12. Nbd2 Bd7 13. Bb2 Rhc8 14. Rac1
Bc7 15. Nb3 Bb6 16. Nc5 Bxc5 17. Rxc5 Na7 18. Rdc1 Rxc5 19. Rxc5 Rc8 20. Rxc8
Nxc8 21. Nd4 Ba4 22. f3 g6 23. Bd3 Nd5 24. e4 Nf4 25. Bf1 e5 26. g3 Nh5 27. Ne2
f6 28. Nc3 Bb3 29. Kf2 Nd6 30. Ke3 Nc4+ 31. Bxc4 Bxc4 32. f4 b5 33. Nb1 exf4+
34. gxf4 g5 35. f5 Nf4 36. Nd2 Bf7 37. Nf3 h6 38. Nd4 Kd6 39. Nf3 Ke7 40. Bd4
Ba2 41. Bc5+ Kf7 42. Bd6 Ng2+ 43. Kf2 g4 44. Nd4 Nh4 45. Bf4 Bb1 46. Kg3 Nf3
47. Nxf3 gxf3 48. Kxf3 h5 49. Bg3 Bc2 50. Kf4 Bb1 51. Be1 Bc2 52. Bc3 Bb1 53.
Ke3 Bc2 54. Kd4 Bb1 55. Kd5 Bc2 56. e5 fxe5 57. Kxe5 Bd3 58. f6 Bc2 59. Kd6 Bb3
60. Kc6 Ke6 61. Kb6 Ba4 62. Kxa6 Kf7 63. Kb6 Ke6 64. Kc6 Kf7 65. Kd5 Bd1 66.
Ke5 Bc2 67. Bd4 Bb3 68. Kf5 Ba4 69. Kg5 Bd1 70. h4 Bg4 71. a4 bxa4 72. b5 a3
73. b6 Bf3 74. Kf4 Bg2 75. Ke5 1-0

[Event "31. Open de San Sebastian"]
[Site "San Sebastián ESP"]
[Date "2008.03.20"]
[Round "6.3"]
[White "Spraggett, Kevin"]
[Black "Huerga Leache, Mikel"]
[Result "1-0"]
[WhiteElo "2588"]
[BlackElo "2440"]
[PlyCount "99"]
[EventDate "2008.03.16"]
[EventType "swiss"]
[EventRounds "9"]
[EventCountry "ESP"]
[Source "lmi"]
[SourceDate "2008.03.16"]

1. Nf3 d5 2. b3 Bg4 3. e3 Nd7 4. Bb2 Ngf6 5. Be2 e6 6. h3 Bxf3 7. Bxf3 Bd6 8.
c4 c6 9. Nc3 O-O 10. O-O Rc8 11. d4 Qe7 12. Rc1 Ba3 13. Qc2 b5 14. Bxa3 Qxa3
15. c5 e5 16. dxe5 Nxe5 17. Ne2 Nxf3+ 18. gxf3 Qa6 19. Nd4 Qb7 20. Kg2 g6 21.
Qc3 Nh5 22. Rg1 Ng7 23. b4 Qd7 24. a4 a6 25. Ra1 Nf5 26. axb5 axb5 27. Ra6 Nxd4
28. Qxd4 Ra8 29. Rga1 Rxa6 30. Rxa6 Qb7 31. Rb6 Qd7 32. Qf6 Rc8 33. Kg3 Qc7+
34. f4 Qd7 35. h4 d4 36. exd4 Rd8 37. Rb7 Qxb7 38. Qxd8+ Kg7 39. f5 gxf5 40.
Qg5+ Kf8 41. Qxf5 Qa8 42. Kg2 Qd8 43. Qe4 Qd7 44. f3 f5 45. Qe5 Kf7 46. Kg3 Kg8
47. Qf6 Qc7+ 48. Qd6 Qg7+ 49. Kf4 h5 50. Qe6+ 1-0

[Event "31. Open de San Sebastian"]
[Site "San Sebastián ESP"]
[Date "2008.03.20"]
[Round "6.4"]
[White "Alsina Leal, Daniel"]
[Black "Cifuentes Parada, Roberto"]
[Result "1/2-1/2"]
[WhiteElo "2455"]
[BlackElo "2520"]
[PlyCount "54"]
[EventDate "2008.03.16"]
[EventType "swiss"]
[EventRounds "9"]
[EventCountry "ESP"]
[Source "lmi"]
[SourceDate "2008.03.16"]

1. e4 c5 2. Nf3 Nc6 3. d4 cxd4 4. Nxd4 Nf6 5. Nc3 d6 6. Bg5 h6 7. Bxf6 gxf6 8.
Qd2 Bd7 9. O-O-O Nxd4 10. Qxd4 Qa5 11. Kb1 Rc8 12. Nd5 Qc5 13. Qxc5 Rxc5 14.
Be2 f5 15. exf5 Bxf5 16. Nc3 Bd7 17. Bf3 b5 18. Rd3 a5 19. Re1 Rg8 20. Nd5 Kd8
21. g3 Rg5 22. Nf4 Rge5 23. Red1 b4 24. R3d2 Rc8 25. Nd3 Rb5 26. Nf4 Rbc5 27.
Be4 Be6 1/2-1/2

[Event "31. Open de San Sebastian"]
[Site "San Sebastián ESP"]
[Date "2008.03.20"]
[Round "6.5"]
[White "Narciso Dublan, Marc"]
[Black "Andres Gonzalez, Alberto"]
[Result "0-1"]
[WhiteElo "2513"]
[BlackElo "2436"]
[PlyCount "130"]
[EventDate "2008.03.16"]
[EventType "swiss"]
[EventRounds "9"]
[EventCountry "ESP"]
[Source "lmi"]
[SourceDate "2008.03.16"]

1. e4 c5 2. c3 d5 3. exd5 Qxd5 4. d4 g6 5. Be2 cxd4 6. cxd4 Bg7 7. Nf3 Nf6 8.
Nc3 Qa5 9. O-O O-O 10. Qb3 Nc6 11. d5 Nb4 12. Rd1 Rd8 13. Bd2 Na6 14. Nb5 Qb6
15. Be3 Qa5 16. Ne5 Qb4 17. Bf3 Bd7 18. Nxd7 Rxd7 19. Bxa7 Qxb3 20. axb3 Nb4
21. d6 exd6 22. Bd4 Rxa1 23. Rxa1 h5 24. Rd1 d5 25. Nc3 Kh7 26. Kf1 h4 27. h3
Bh8 28. Bc5 Na6 29. Be3 Nb4 30. Rd4 Nc2 31. Rxh4+ Kg8 32. Bg5 Nh7 33. Bd2 d4
34. Na4 Na1 35. Bd1 Nf8 36. Re4 Ne6 37. Nb6 Rd6 38. Nc4 Rd5 39. b4 b5 40. Na5
d3 41. b3 Nc2 42. h4 Bg7 43. g4 Bf6 44. g5 Bb2 45. Bg4 Ned4 46. h5 Ba3 47. Re8+
Kh7 48. Re7 Bxb4 49. Bxb4 Nxb4 50. Rxf7+ Kg8 51. hxg6 Rxg5 52. Rf4 Nbc2 53. Bd1
Re5 54. Kg2 d2 55. Nc6 Ne1+ 56. Kh3 Nxc6 57. Rf6 Nd3 58. Kg2 Re1 59. Bg4 Nce5
60. Bh5 Kg7 61. Rf5 d1=Q 62. Bxd1 Rxd1 63. f4 Kxg6 64. Rf8 Nd7 65. f5+ Kg5 0-1